| 000 | 00763cam a22002653a 4500 | ||
|---|---|---|---|
| 001 | 23293 | ||
| 003 | PGUSA | ||
| 005 | 20140828083509.0 | ||
| 008 | 071102s2007||||xxu|||||s|||||000 | eng d | ||
| 040 |
_aPGUSA _beng |
||
| 042 | _adc | ||
| 050 | 4 | _aR | |
| 100 | 1 |
_aLawrence, Robert Means, _d1847-1935 |
|
| 245 | 1 | 0 |
_aPrimitive Psycho-Therapy and Quackery _h[electronic resource] / _cRobert Means Lawrence |
| 260 |
_bProject Gutenberg, _c2007 |
||
| 506 | _aPublic domain in the USA. | ||
| 516 | _aElectronic text | ||
| 653 | _aMedicine -- History | ||
| 653 | _aMedical misconceptions | ||
| 653 | _aMental healing | ||
| 653 | _aQuacks and quackery | ||
| 830 | 0 |
_aProject Gutenberg _v23293 |
|
| 856 | 4 | 0 | _uhttp://www.gutenberg.org/ebooks/23293 |
| 942 | _cEB | ||
| 999 |
_c252548 _d252548 |
||